<?xml version="1.0" encoding="UTF-8"?>
<collection xmlns="http://www.loc.gov/MARC21/slim">
<record>
  <controlfield tag="001">126323</controlfield>
  <controlfield tag="005">20231023123352.0</controlfield>
  <datafield tag="024" ind1="7" ind2=" ">
    <subfield code="2">doi</subfield>
    <subfield code="a">10.36799/el.v8i1.129</subfield>
  </datafield>
  <datafield tag="024" ind1="8" ind2=" ">
    <subfield code="2">sideral</subfield>
    <subfield code="a">133710</subfield>
  </datafield>
  <datafield tag="037" ind1=" " ind2=" ">
    <subfield code="a">ART-2023-133710</subfield>
  </datafield>
  <datafield tag="041" ind1=" " ind2=" ">
    <subfield code="a">spa</subfield>
  </datafield>
  <datafield tag="100" ind1=" " ind2=" ">
    <subfield code="a">Cristóbal Hornillos, Rubén</subfield>
    <subfield code="u">Universidad de Zaragoza</subfield>
    <subfield code="0">(orcid)0000-0002-1354-6956</subfield>
  </datafield>
  <datafield tag="245" ind1=" " ind2=" ">
    <subfield code="a">Análisis y evaluación de una estrategia didáctica para el aprovechamiento de libros álbum de no-ficción en Educación Primaria</subfield>
  </datafield>
  <datafield tag="260" ind1=" " ind2=" ">
    <subfield code="c">2023</subfield>
  </datafield>
  <datafield tag="506" ind1="0" ind2=" ">
    <subfield code="a">Access copy available to the general public</subfield>
    <subfield code="f">Unrestricted</subfield>
  </datafield>
  <datafield tag="520" ind1="3" ind2=" ">
    <subfield code="a">Este trabajo analiza y evalúa una estrategia didáctica ideada para el aprovechamiento de libros ilustrados de no-ficción en Educación Primaria. Partimos del presupuesto inicial de que la organización, el diseño y estilo de muchas de estas obras convierten el aprendizaje en una experiencia vívida, frente al enfoque más expositivo y frío del libro de texto, siempre que el proceso de mediación sepa aprovechar el componente estético y lúdico que contienen. Con esta finalidad, hemos desarrollado un proceso de investigación-acción (Elliott, 1993) que analiza los resultados de una intervención didáctica con un grupo de 3º de Primaria, basada en el libro Tom viaja en el tiempo: Antiguo Egipto, de Crow y Burke(2020), que ya analizamos en un trabajo anterior siguiendo los criterios del Orbis Pictus Award Committee (Sanjuán y Cristóbal, 2022). El procedimiento didáctico se apoya en el modelo de conversación  dirigida  propuesto  por  Tough  (1976  y  1979)  para  el  desarrollo  de  estructuras  cognitivas  en  los  niños, en  la consideración de la relevancia de los procesos emocionales de la lectura y el aprendizaje de Kesler (2012) y Sanjuán (2013), así como en el concepto de aprendizaje social modelado de Bandura (1976). Los resultados indican que la estrategia didáctica desarrollada añade numerosos componentes emocionales a los procesos  cognitivos del aprendizaje, estimula actitudes de indagación, creatividad y juego, y favorece simultáneamente el desarrollo sensorial y lingüístico.</subfield>
  </datafield>
  <datafield tag="536" ind1=" " ind2=" ">
    <subfield code="9">info:eu-repo/grantAgreement/ES/MICINN/PID2021-126392OB-I00</subfield>
  </datafield>
  <datafield tag="540" ind1=" " ind2=" ">
    <subfield code="9">info:eu-repo/semantics/openAccess</subfield>
    <subfield code="a">by-nd</subfield>
    <subfield code="u">http://creativecommons.org/licenses/by-nd/3.0/es/</subfield>
  </datafield>
  <datafield tag="655" ind1=" " ind2="4">
    <subfield code="a">info:eu-repo/semantics/article</subfield>
    <subfield code="v">info:eu-repo/semantics/publishedVersion</subfield>
  </datafield>
  <datafield tag="700" ind1=" " ind2=" ">
    <subfield code="a">Sanjuán Álvarez, Marta</subfield>
    <subfield code="u">Universidad de Zaragoza</subfield>
    <subfield code="0">(orcid)0000-0003-0853-7104</subfield>
  </datafield>
  <datafield tag="700" ind1=" " ind2=" ">
    <subfield code="a">Villar Secanella, Eva María</subfield>
    <subfield code="u">Universidad de Zaragoza</subfield>
    <subfield code="0">(orcid)0000-0001-5722-8020</subfield>
  </datafield>
  <datafield tag="710" ind1="2" ind2=" ">
    <subfield code="1">4013</subfield>
    <subfield code="2">195</subfield>
    <subfield code="a">Universidad de Zaragoza</subfield>
    <subfield code="b">Dpto. Didácticas Específicas</subfield>
    <subfield code="c">Área Didáctica Lengua y Liter.</subfield>
  </datafield>
  <datafield tag="773" ind1=" " ind2=" ">
    <subfield code="g">8, 1 (2023), 17-43</subfield>
    <subfield code="p">Estud. lambda teór. pract. didact. leng. lit.</subfield>
    <subfield code="t">Estudios lambda. Teoría y práctica de la didáctica en lengua y literatura.</subfield>
    <subfield code="x">2448-5942</subfield>
  </datafield>
  <datafield tag="856" ind1="4" ind2=" ">
    <subfield code="s">1603193</subfield>
    <subfield code="u">http://zaguan.unizar.es/record/126323/files/texto_completo.pdf</subfield>
    <subfield code="y">Versión publicada</subfield>
  </datafield>
  <datafield tag="856" ind1="4" ind2=" ">
    <subfield code="s">2923269</subfield>
    <subfield code="u">http://zaguan.unizar.es/record/126323/files/texto_completo.jpg?subformat=icon</subfield>
    <subfield code="x">icon</subfield>
    <subfield code="y">Versión publicada</subfield>
  </datafield>
  <datafield tag="909" ind1="C" ind2="O">
    <subfield code="o">oai:zaguan.unizar.es:126323</subfield>
    <subfield code="p">articulos</subfield>
    <subfield code="p">driver</subfield>
  </datafield>
  <datafield tag="951" ind1=" " ind2=" ">
    <subfield code="a">2023-10-23-12:23:17</subfield>
  </datafield>
  <datafield tag="980" ind1=" " ind2=" ">
    <subfield code="a">ARTICLE</subfield>
  </datafield>
</record>
</collection>